00496nam a2200121Ia 4500001000400000008004100004082002300045100009800068245014700166260001900313901002700332999001500359384241024s9999 xx 000 0 und d aRD/378.97293/R426s aRepública Dominicana.Secretaría de Estado de Educación Superior, Ciencia y Tecnología 0aSituación y perspectiva de las bibliotecas y centros de documentación en la educación superior dominicana-mesas de trabajo de la SEECSyT bManatíc2006 a9/11/2010 8:18:06 a.m. c8340d8340